000 00594nam a2200181Ia 4500
008 090123s9999 xx 000 0 und d
082 _b629
100 _aमिरासदार द.मा.
245 _aमाझ्या बापाची पेंड
250 _a2
260 _bभागवत वा.पु.
300 _a160
600 _aमिरासदार द.मा.
630 _aमाझ्या बापाची पेंड
700 _aमिरासदार द.मा.
730 _aमाझ्या बापाची पेंड
942 _cBOOK
999 _c38716
_d38716